Statistics for Nba Final MVP history quiz

Click here to take the quiz!

General Stats

  • This quiz has been taken 38 times
  • The average score is 41 of 54

Answer Stats

HintAnswer% Correct
2022Stephen Curry
100%
2020Lebron James
97%
2016Lebron James
97%
2013Lebron James
97%
2012Lebron James
97%
2014Kawhi Leonard
94%
1979Dennis Johnson
91%
2018Kevin Durant
91%
2017Kevin Durant
91%
1980Magic Johnson
91%
1987Magic Johnson
91%
1982Magic Johnson
91%
1998Michael Jordan
91%
1991Michael Jordan
91%
1996Michael Jordan
91%
1997Michael Jordan
91%
1993Michael Jordan
91%
1992Michael Jordan
91%
2002Shaquille O'Neal
91%
2001Shaquille O'Neal
91%
2000Shaquille O'Neal
91%
2009Kobe Bryant
88%
2010Kobe Bryant
88%
2005Tim Duncan
88%
2003Tim Duncan
88%
1999Tim Duncan
88%
1986Larry Bird
85%
1984Larry Bird
85%
2011Dirk Nowitzki
82%
2006Dwayne Wade
82%
1995Hakeem Olajuwon
82%
1994Hakeem Olajuwon
82%
1990Isiah Thomas
79%
2008Paul Pierce
76%
2015Andre Iguodala
74%
2004Chauncey Billups
74%
2021Giannis Antetokounmpo
74%
1985Kareem Abdul-Jabbar
74%
1971Kareem Abdul-Jabbar
74%
2007Tony Parker
71%
1969Jerry West
68%
1983Moses Malone
65%
1972Wilt Chamberlain
65%
1977Bill Walton
59%
1989Joe Dumars
59%
1988James Worthy
53%
1973Willis Reed
50%
1970Willis Reed
50%
1974John Havlicek
47%
1975Rick Barry
35%
1981Cedric Maxwell
26%
1976Joe White
26%
1978Wes Unsled
6%
2019Kawhi Leornard
0%

Score Distribution

Percentile by Number Answered

Percent of People with Each Score

Your Score History

You have not taken this quiz